000 00280nam a2200109Ia 4500
008 200302s9999 xx 000 0 und d
100 _aTiere Zeichnen
245 _aHow To Draw Animal Step-By-Step Comment Dessiner Des
260 _bBooqs Publishing
260 _c2010
300 _a352
999 _c4711
_d4711